000 00810nam a2200301 a 4500
003 AR-BaBNM
005 20251128205042.0
008 082120s2002 ||||||||||||||000 | spa||
020 _a987-95492-1-X
040 _cAR-BaBNM
100 1 _aBusaniche, José Luís
245 0 0 _aSan Martín visto por sus contemporáneos
260 _aBuenos Aires
_bInstituto Nacional Sanmartiniano
_c1995
300 _a352 p.
500 _aIndice de autores: p. 345-348
600 1 4 _aSan Martín, José de
600 1 4 _aTocornal, Antonio
600 1 4 _aAlberdi, Juan Bautista
600 1 4 _aAguado, Alejandro María De
650 4 _aBIOGRAFIAS
650 4 _aHISTORIA
650 4 _aGUERRAS DE LA INDEPENDENCIA
651 4 _aPerú
651 4 _aChile
651 4 _aArgentina
942 _cBK
998 _cEnrique
999 _c9793
_d9793